Apparaturno-programmnyje metody analiz nadežnosti strukturno-složnych sistem

Uložené v:
Podrobná bibliografia
Hlavný autor: Veligurskij, Gennadij Aleksandrovič
Médium: Kniha
Jazyk:Russian
Vydavateľské údaje: Minsk Nauka i technika 1986
Vydanie:1. izd.
Tagy: Pridať tag
Žiadne tagy, Buďte prvý, kto otaguje tento záznam!

MARC

LEADER 00000nam a2200000 4500
001 c030986
005 20221220071025.3
041 0 |a rus 
044 |a BY 
245 1 0 |a Apparaturno-programmnyje metody analiz nadežnosti strukturno-složnych sistem  |c Gennadij Aleksandrovič Veligurskij 
250 |a 1. izd. 
264 1 |a Minsk  |b Nauka i technika  |c 1986 
300 |a 254 s. 
100 1 |a Veligurskij, Gennadij Aleksandrovič